000 00871nam a2200253Ia 4500
003 OSt
005 20220926004959.0
006 a|||||r|||| 00| 0
007 ta
008 220923b |||||||| |||| 00| 0 eng d
020 _a9781412996945
_c4689.96
037 _b34288, 14/03/2012, Segment Book Distrobutors
_cGeneral Book
040 _aRTL
_cRTL
_beng
041 _2eng
_aeng
082 _aY:(G:55), Q1/RR
100 _aSchiffman Howards S.
_9309580
245 0 _aGreen issues and debates
_b An A to Z guide
260 _a New Delhi
_bSage Publication
_c2011
300 _axxvi, 539p.
_ccm.
490 _a(Sage reference series ongreen society towards a sustainable future)
650 _aSociology
942 _hY:(G:55), Q1/RR
_cGB
_2CC
999 _c612725
_d612725